| 000 | 00882nam a2200193 4500 | ||
|---|---|---|---|
| 003 | LK-CoMWRAF | ||
| 005 | 20231214093409.0 | ||
| 008 | 231214b |||||||| |||| 00| 0 eng d | ||
| 020 | _a9789555065603 | ||
| 040 |
_aLK-CoMWRAF _dLK-CoMWRAF _eLK-CoMWRAF |
||
| 041 | _asin | ||
| 082 |
_a615.82 _bRAT |
||
| 100 | _aරත්නායක, ඒ. එල්. ඩී. | ||
| 245 | _aආතරයිටීස් නොවන දණහිස් වේදනාව හා ඒ නිසා ඇති වන කොන්දේ ආබාධ සහ බෙල්ලේ ආබාධ | ||
| 246 | _aAtharitees nowana danahis weedanawa ha anisa athiwana konde abadha saha bellee abadha | ||
| 260 |
_aනුගේගොඩ : _bසී/ස දීපානි ප්රකාශන (පෞද්ගලික) සමාගම _c2007 |
||
| 650 | _aදණහිස් වේදනාව | ||
| 942 | _cBK | ||
| 999 |
_c4440 _d4440 |
||